| 000 | 00911nam a22002417a 4500 | ||
|---|---|---|---|
| 005 | 20240530110420.0 | ||
| 008 | 141014s2010 ua o gr 000 0 ara d | ||
| 017 |
_a14404/2009 _bمصر . دار الكتب المصرية |
||
| 020 | _a9789773286239 | ||
| 040 | _aEG-CaGPL | ||
| 041 | 0 | _aara | |
| 082 | 0 | 4 |
_221 _a155.45\ _bر أ |
| 100 | 0 | _aرانيا قاسم | |
| 245 | 1 | 0 |
_aاضطرابات النمو الشامل والمتلازمات لدى الاطفال / _cرانيا قاسم ، دينا مصطفى |
| 260 |
_aالاسكندرية : _bدار الجامعة الجديدة ، _c2010 |
||
| 300 |
_a249 ص : _bصور ؛ _c24 سم |
||
| 650 | 0 | 4 |
_aالاطفال _xالعناية الصحية |
| 650 | 0 | 4 |
_aالاطفال _xتغذية |
| 650 | 0 | 4 |
_aالاطفال _xنمو |
| 700 | 0 |
_aدينا مصطفى _eمؤلف مشارك |
|
| 942 |
_2ddc _cBK |
||
| 999 |
_c60645 _d60645 |
||